000
00325cam a22001337a 4500
008
180718b1960 xxu||||| |||| 00| 0 eng d
082
_a
B262 K238
100
_a
Kedourie, Elie
245
_a
Nationalism
_c
by Elie Kedourie
260
_a
London
_b
Hutchinson
_c
1960
300
_a
151p.
500
_a
21/-
650
_a
Nationalism.
999
_c
368821
_d
368821